Statystyki dla Stolice Europy

Kliknij tutaj aby rozwiązać quiz!

Ogólne statystyki

  • Ten quiz został rozwiązany 62 razy
  • Średni wynik to 14 z 15

Statystyki odpowiedzi

KrajStolica% Poprawnych
NiemcyBerlin
100%
PolskaWarszawa
100%
UkrainaKijów
98%
FrancjaParyż
98%
RosjaMoskwa
97%
CzechyPraga
95%
GrecjaAteny
92%
BiałoruśMińsk
90%
HolandiaAmsterdam
88%
DaniaKopenhaga
88%
PortugaliaLizbona
88%
NorwegiaOslo
88%
BelgiaBruksela
85%
FindlandiaHelsinki
80%
SzwecjaSztokholm
73%

Rozkład punktacji

Percentyl według liczby udzielonych odpowiedzi

Procent ludzi z każdym wynikiem

Twoja historia wyników

Nie rozwiązałeś tego quizu